| 000 | 00541nam a2200193 i 4500 | ||
|---|---|---|---|
| 001 | 24674 | ||
| 003 | ES-MaACL | ||
| 005 | 20230906153110.0 | ||
| 007 | t| | ||
| 008 | 021218s1962 sp ||||1| spa d | ||
| 080 | _a821.134.2-14"19" | ||
| 100 | 1 |
_aAntonio, Félix. _921976 |
|
| 245 | 1 | 0 |
_aVeintiún años después : _bpoesías / _cFélix Antonio. |
| 246 | 3 | _a21 años después | |
| 260 |
_a[Zaragoza : _bs.n., _c1962] ( _fTall. El Noticiero) |
||
| 300 |
_a119 p. ; _c24 cm. |
||
| 852 | 4 |
_aES-MaACL _jC-22509 |
|
| 852 | 4 |
_aES-MaACL _jC-22846 |
|
| 999 |
_c24674 _d24674 |
||